000 01048nam a22001937a 4500
003 OSt
005 20260415032135.0
008 260415b |||||||| |||| 00| 0 eng d
040 _aDWC-Main lib.
_cOC
082 _aGR. 348.044 Su959
110 _aEDITORIAL STAFF OF THE CENTRAL LAWBOOK PUBLISHING CO., INC
245 _aSupreme Court reports :
_bannotated/
_cEDITORIAL STAFF OF THE CENTRAL LAWBOOK PUBLISHING CO., INC
260 _aManila, Philippines :
_bCentral Lawbook Publishing Company, Inc.
300 _avarious paging :
_c23 cm.
501 _aVolume 201 to 210
504 _av.201 - August 21 to September 26, 1991 v.202 - September 27 to October 15, 1991 v.203 - Ocober 17 to November 20, 1991 v.204 - November 21 to December, 1991 v.205 - January 6 to February 4, 1992 v.206 - February 7 to March 4, 1992 v.207 - March 5 to April 8, 1992 v.208 - April 10 to May 8, 1992 v.209 - May 13 to June 15, 1992 v.210 - June 16 to July 2, 1992
650 _a1. Law reports, digests, etc.--- Philippines
942 _2ddc
_cGR
_hGR.
_n0
999 _c9438
_d9438